[Event "Polonia Wroclaw Masters Cup-IM"]
[Site "Wroclaw"]
[Date "2019.05.04"]
[Round "8.2"]
[White "Czopor, Maciej"]
[Black "Odnorozhenko, Evgenyi"]
[Result "*"]
[WhiteElo "2219"]
[BlackElo "2277"]
[Annotator "NA RC"]
[PlyCount "115"]
[EventDate "2019.04.28"]
[EventType "tourn"]
[EventCountry "POL"]
[SourceTitle "playchess.com"]
[Source "ChessBase"]
[SourceQuality "1"]
[TimeControl "40/5400+30:900+30"]

1. e4 {[%emt 0:00:00]} e5 {[%emt 0:07:00]} 2. Nf3 {[%emt 0:00:00]} Nc6 {[%emt 0:00:06]} 3. Bb5 {[%emt 0:00:00]} a6 {[%emt 0:00:05]} 4. Ba4 {[%emt 0:00:01]} d6 {[%emt 0:00:08]} 5. c3 {[%emt 0:06:03]} Bd7 {[%emt 0:00:35]} 6. O-O {[%emt 0:01:13]} Nge7 {[%emt 0:00:17]} 7. d4 {[%emt 0:00:40]} Ng6 {[%emt 0:00:21]} 8. Nbd2 {[%emt 0:08:49]} Be7 {[%emt 0:00:14]} 9. Re1 {[%emt 0:00:22]} O-O {[%emt 0:00:06]} 10. Nf1 {[%emt 0:00:45]} Bg4 {[%emt 0:00:10]} 11. Bxc6 {[%emt 0:05:27]} Nh4 {[%emt 0:00:05]} 12. N1d2 {[%emt 0:24:21]} bxc6 {[%emt 0:00:23]} 13. h3 {[%emt 0:00:23]} Nxf3+ {[%emt 0:00:06]} 14. Nxf3 {[%emt 0:00:07]} Bxf3 {[%emt 0:00:05]} 15. Qxf3 {[%emt 0:00:12]} Bf6 {[%emt 0:00:05]} 16. Qd3 {[%emt 0:02:30]} Qb8 {[%emt 0:00:11]} 17. dxe5 {[%emt 0:03:21]} Bxe5 {[%emt 0:00:13]} 18. f4 {[%emt 0:01:24]} Bf6 {[%emt 0:00:11]} 19. Re2 {[%emt 0:01:16]} Re8 {[%emt 0:02:56]} 20. Be3 {[%emt 0:04:59]} Qb5 {[%emt 0:06:44]} 21. c4 {[%emt 0:00:32]} Qh5 {[%emt 0:00:08]} 22. Bf2 {[%emt 0:02:58]} Qa5 {[%emt 0:10:31]} 23. Be1 {[%emt 0:11:47]} Qb6+ {[%emt 0:00:33]} 24. Kh2 {[%emt 0:02:01]} Bd4 {[%emt 0:01:38]} 25. Bc3 {[%emt 0:01:50]} Bxc3 {[%emt 0:00:36]} 26. Qxc3 {[%emt 0:00:01]} c5 {[%emt 0:03:46]} 27. Rae1 {[%emt 0:02:04]} Re6 {[%emt 0:00:24]} 28. Qd2 {[%emt 0:04:28]} Rae8 {[%emt 0:01:45]} 29. f5 {[%emt 0:01:24]} Re5 {[%emt 0:00:10]} 30. f6 {[%emt 0:00:16]} gxf6 {[%emt 0:04:33]} 31. Qf4 {[%emt 0:05:45]} R8e6 {[%emt 0:00:21]} 32. Re3 {[%emt 0:01:11]} Rg5 {[%emt 0:00:34]} 33. h4 {[%emt 0:02:05]} Rg6 {[%emt 0:00:14]} 34. Rb3 {[%emt 0:00:27]} Qc6 {[%emt 0:02:52]} 35. Ree3 {[%emt 0:00:43]} h5 {[%emt 0:05:28]} 36. Qf5 {[%emt 0:01:37]} Kg7 {[%emt 0:04:55]} 37. Rb8 {[%emt 0:00:35]} Re8 {[%emt 0:00:52]} 38. Rxe8 {[%emt 0:01:07]} Qxe8 {[%emt 0:00:13]} 39. Qxh5 {[%emt 0:00:13]} Qe6 {[%emt 0:02:34]} 40. b3 {[%emt 0:00:00]} Rg4 {[%emt 0:00:00]} 41. Qxg4+ {[%emt 0:04:23]} Qxg4 {[%emt 0:02:53]} 42. Rg3 {[%emt 0:00:05]} Qg6 {[%emt 0:00:04]} 43. h5 {[%emt 0:01:03]} Qg5 {[%emt 0:00:25]} 44. Rxg5+ {[%emt 0:00:13]} fxg5 {[%emt 0:00:02]} 45. g4 {[%emt 0:01:10]} a5 {[%emt 0:03:48]} 46. Kg3 {[%emt 0:00:17]} Kf6 {[%emt 0:00:06]} 47. Kf3 {[%emt 0:00:40]} Ke5 {[%emt 0:00:36]} 48. Ke3 {[%emt 0:02:37]} Kf6 {[%emt 0:00:15]} 49. Kd3 {[%emt 0:00:40]} Ke5 {[%emt 0:00:18]} 50. Kc3 {[%emt 0:00:32]} Kf6 {[%emt 0:23:28]} 51. a3 {[%emt 0:00:38]} Ke5 {[%emt 0:00:09]} 52. b4 {[%emt 0:00:38]} a4 {[%emt 0:00:04]} 53. bxc5 {[%emt 0:01:42]} dxc5 {[%emt 0:00:14]} 54. Kd3 {[%emt 0:00:25]} Ke6 {[%emt 0:00:24]} 55. h6 {[%emt 0:01:01]} Kf6 {[%emt 0:00:07]} 56. e5+ {[%emt 0:00:07]} Kg6 {[%emt 0:00:06]} 57. Ke4 {[%emt 0:00:10]} c6 {[%emt 0:00:05]} 58. h7 {[%emt 0:00:58]} *

[Event "Polonia Wroclaw Masters Cup-IM"]
[Site "Wroclaw"]
[Date "2019.05.04"]
[Round "8.3"]
[White "Frolov, Artur"]
[Black "Praczukowski, Stanislaw"]
[Result "1-0"]
[WhiteElo "2447"]
[BlackElo "2149"]
[Annotator "RC"]
[PlyCount "116"]
[EventDate "2019.04.28"]
[EventType "tourn"]
[EventCountry "POL"]
[SourceTitle "playchess.com"]
[Source "ChessBase"]
[SourceQuality "1"]
[TimeControl "40/5400+30:900+30"]

1. e4 c6 2. d4 d5 3. Nd2 dxe4 4. Nxe4 Bf5 5. Ng3 Bg6 6. Nf3 Nd7 7. h4 h6 8. h5 Bh7 9. Bd3 Bxd3 10. Qxd3 e6 11. Bf4 Qa5+ 12. Bd2 Bb4 13. a3 Bxd2+ 14. Qxd2 Qxd2+ 15. Kxd2 Ngf6 16. Rad1 Ke7 17. c4 Rhd8 18. Kc2 {[%emt 0:16:14]} c5 {[%emt 0:17:41]} 19. dxc5 {[%emt 0:01:34]} Nxc5 {[%emt 0:00:14]} 20. Nd4 {[%emt 0:30:18]} Rac8 {[%emt 0:05:22]} 21. Rh4 {[%emt 0:12:28]} a5 {[%emt 0:23:08]} 22. b4 {[%emt 0:06:03]} axb4 {[%emt 0:02:04]} 23. axb4 {[%emt 0:00:04]} Ncd7 {[%emt 0:11:37]} 24. Nf3 {[%emt 0:15:43]} Ra8 {[%emt 0:18:10]} 25. Rd2 {[%emt 0:00:18]} Ra1 {[%emt 0:02:32]} 26. Ne2 {[%emt 0:06:29]} Rda8 {[%emt 0:02:28]} 27. Nc3 {[%emt 0:00:08]} Rf1 {[%emt 0:01:16]} 28. Nd4 {[%emt 0:07:00]} Raa1 {[%emt 0:02:56]} 29. f3 {[%emt 0:01:17]} Ne5 {[%emt 0:03:02]} 30. Re2 {[%emt 0:01:49]} Nc6 {[%emt 0:02:18]} 31. Nxc6+ {[%emt 0:00:31]} bxc6 {[%emt 0:00:01]} 32. b5 {[%emt 0:00:19]} cxb5 {[%emt 0:02:37]} 33. cxb5 {[%emt 0:00:07]} Rh1 {[%emt 0:01:41]} 34. Rc4 {[%emt 0:02:31]} Ra7 {[%emt 0:01:52]} 35. g4 {[%emt 0:01:18]} Rf1 {[%emt 0:01:02]} 36. Re3 {[%emt 0:00:34]} Rb7 {[%emt 0:02:51]} 37. Rc6 {[%emt 0:00:23]} Nd7 {[%emt 0:02:07]} 38. Kd3 {[%emt 0:01:17]} Ra1 {[%emt 0:01:04]} 39. Kc4 {[%emt 0:00:34]} Kd8 {[%emt 0:02:00]} 40. Kb4 {[%emt 0:00:00]} Rc7 {[%emt 0:00:00]} 41. Ra6 {[%emt 0:11:07]} Ra7 {[%emt 0:03:37]} 42. Rxa7 {[%emt 0:01:10]} Rxa7 {[%emt 0:00:51]} 43. Ne4 {[%emt 0:01:54]} Ra1 {[%emt 0:00:56]} 44. Ra3 {[%emt 0:02:12]} Rb1+ {[%emt 0:02:43]} 45. Ka5 {[%emt 0:00:10]} Ne5 {[%emt 0:04:47]} 46. Ka6 {[%emt 0:00:12]} Kc7 {[%emt 0:00:43]} 47. Rc3+ {[%emt 0:01:27]} Kb8 {[%emt 0:00:30]} 48. Nc5 {[%emt 0:00:07]} Rb4 {[%emt 0:02:04]} 49. Rc1 {[%emt 0:02:52]} f6 {[%emt 0:01:07]} 50. Rd1 {[%emt 0:00:21]} Kc8 {[%emt 0:01:03]} 51. b6 {[%emt 0:01:05]} Nc6 {[%emt 0:01:46]} 52. b7+ {[%emt 0:00:07]} Kc7 {[%emt 0:00:06]} 53. Rd7+ {[%emt 0:00:04]} Kb8 {[%emt 0:00:11]} 54. Rxg7 {[%emt 0:00:17]} Rb1 {[%emt 0:00:25]} 55. Nd7+ {[%emt 0:01:14]} Kc7 {[%emt 0:00:02]} 56. Ne5+ {[%emt 0:00:03]} Kd6 {[%emt 0:00:45]} 57. Nxc6 {[%emt 0:00:03]} Kxc6 {[%emt 0:00:14]} 58. Ka7 {[%emt 0:00:00]} Kd5 1-0

[Event "Polonia Wroclaw Masters Cup-IM"]
[Site "Wroclaw"]
[Date "2019.05.04"]
[Round "8.4"]
[White "Stachowiak, Kamil"]
[Black "Fiedorek, Michal"]
[Result "1/2-1/2"]
[WhiteElo "2438"]
[BlackElo "2088"]
[Annotator "NA"]
[PlyCount "55"]
[EventDate "2019.04.28"]
[EventType "tourn"]
[EventCountry "POL"]
[SourceTitle "playchess.com"]
[Source "ChessBase"]
[SourceQuality "1"]
[TimeControl "40/5400+30:900+30"]

1. c4 {[%emt 0:00:00]} e5 {[%emt 0:00:00]} 2. g3 {[%emt 0:00:06]} Nf6 {[%emt 0:00:36]} 3. Bg2 {[%emt 0:00:10]} d5 {[%emt 0:00:41]} 4. cxd5 {[%emt 0:00:19]} Nxd5 {[%emt 0:00:10]} 5. Nc3 {[%emt 0:00:10]} Nb6 {[%emt 0:00:34]} 6. Nf3 {[%emt 0:00:18]} Nc6 {[%emt 0:00:24]} 7. O-O {[%emt 0:00:16]} Be7 {[%emt 0:00:22]} 8. d3 {[%emt 0:00:25]} O-O {[%emt 0:00:42]} 9. a3 {[%emt 0:01:25]} Re8 {[%emt 0:01:44]} 10. Bd2 {[%emt 0:03:05]} Bf8 {[%emt 0:08:38]} 11. Rc1 {[%emt 0:02:12]} h6 {[%emt 0:07:05]} 12. Ne4 {[%emt 0:12:10]} Nd4 {[%emt 0:13:30]} 13. Nc5 {[%emt 0:15:14]} c6 {[%emt 0:05:35]} 14. a4 {[%emt 0:06:37]} Nd7 {[%emt 0:08:24]} 15. Nxd7 {[%emt 0:09:36]} Bxd7 {[%emt 0:01:13]} 16. Nxd4 {[%emt 0:00:26]} exd4 {[%emt 0:00:08]} 17. Bf3 {[%emt 0:02:42]} a5 {[%emt 0:14:22]} 18. Qb3 {[%emt 0:10:59]} Ra7 {[%emt 0:02:20]} 19. e3 {[%emt 0:07:17]} Be6 {[%emt 0:04:25]} 20. Qc2 {[%emt 0:00:07]} dxe3 {[%emt 0:03:10]} 21. Bxe3 {[%emt 0:05:04]} Ra8 {[%emt 0:00:51]} 22. Be4 {[%emt 0:01:45]} Bh3 {[%emt 0:08:42]} 23. Rfd1 {[%emt 0:04:30]} Bg4 {[%emt 0:00:44]} 24. Re1 {[%emt 0:04:00]} Bb4 {[%emt 0:00:43]} 25. Bd2 {[%emt 0:00:09]} Bxd2 {[%emt 0:02:25]} 26. Qxd2 {[%emt 0:00:04]} Qb6 {[%emt 0:02:35]} 27. Re3 {[%emt 0:02:44]} Qb4 {[%emt 0:05:07]} 28. Qe1 {[%emt 0:07:56]} 1/2-1/2

[Event "Polonia Wroclaw Masters Cup-IM"]
[Site "Wroclaw"]
[Date "2019.05.04"]
[Round "8.5"]
[White "Baum, Jonasz"]
[Black "Mahitosh Dey"]
[Result "1-0"]
[WhiteElo "2261"]
[BlackElo "2126"]
[Annotator "NA"]
[PlyCount "103"]
[EventDate "2019.04.28"]
[EventType "tourn"]
[EventCountry "POL"]
[SourceTitle "playchess.com"]
[Source "ChessBase"]
[SourceQuality "1"]
[TimeControl "40/5400+30:900+30"]

1. d4 {[%emt 0:00:00]} Nf6 {[%emt 0:00:00]} 2. c4 {[%emt 0:00:00]} e6 {[%emt 0:00:00]} 3. Nf3 {[%emt 0:00:00]} d5 {[%emt 0:00:00]} 4. g3 {[%emt 0:00:00]} Bb4+ {[%emt 0:00:00]} 5. Nbd2 {[%emt 0:00:00]} O-O {[%emt 0:00:06]} 6. Bg2 {[%emt 0:00:04]} Ne4 {[%emt 0:00:15]} 7. O-O {[%emt 0:00:11]} f5 {[%emt 0:00:03]} 8. Qc2 {[%emt 0:00:30]} c6 {[%emt 0:00:13]} 9. Ne5 {[%emt 0:00:28]} Nd7 {[%emt 0:00:16]} 10. Ndf3 {[%emt 0:00:42]} Bd6 {[%emt 0:01:39]} 11. Bf4 {[%emt 0:01:07]} Bxe5 {[%emt 0:00:20]} 12. Nxe5 {[%emt 0:00:57]} g5 {[%emt 0:00:10]} 13. Nxd7 {[%emt 0:01:14]} Bxd7 {[%emt 0:00:03]} 14. Be5 {[%emt 0:00:35]} Be8 {[%emt 0:00:05]} 15. cxd5 {[%emt 0:07:35]} exd5 {[%emt 0:00:09]} 16. Qc1 {[%emt 0:09:27]} h6 {[%emt 0:04:06]} 17. h4 {[%emt 0:05:38]} Rf7 {[%emt 0:04:04]} 18. f3 {[%emt 0:04:49]} Nd6 {[%emt 0:00:09]} 19. hxg5 {[%emt 0:02:34]} hxg5 {[%emt 0:00:05]} 20. Bxd6 {[%emt 0:04:17]} Qxd6 {[%emt 0:00:04]} 21. Qxg5+ {[%emt 0:00:06]} Rg7 {[%emt 0:00:05]} 22. Qf4 {[%emt 0:00:06]} Qxf4 {[%emt 0:00:08]} 23. gxf4 {[%emt 0:00:02]} Bd7 {[%emt 0:00:55]} 24. Kf2 {[%emt 0:00:46]} Re8 {[%emt 0:00:10]} 25. Rg1 {[%emt 0:11:09]} Rge7 {[%emt 0:00:05]} 26. Bf1+ {[%emt 0:00:35]} Kf7 {[%emt 0:00:05]} 27. Rc1 {[%emt 0:00:31]} Re3 {[%emt 0:01:04]} 28. Rc3 {[%emt 0:07:44]} Rxc3 {[%emt 0:00:10]} 29. bxc3 {[%emt 0:00:01]} c5 {[%emt 0:00:05]} 30. e3 {[%emt 0:04:12]} c4 {[%emt 0:00:04]} 31. Be2 {[%emt 0:03:04]} b5 {[%emt 0:00:03]} 32. Rh1 {[%emt 0:00:51]} Kg7 {[%emt 0:00:11]} 33. Rb1 {[%emt 0:05:38]} a5 {[%emt 0:01:47]} 34. a4 {[%emt 0:07:00]} Re6 {[%emt 0:00:05]} 35. axb5 {[%emt 0:00:34]} Rb6 {[%emt 0:00:03]} 36. e4 {[%emt 0:03:12]} Rxb5 {[%emt 0:00:10]} 37. Ra1 {[%emt 0:03:44]} fxe4 {[%emt 0:05:05]} 38. fxe4 {[%emt 0:00:12]} Rb2 {[%emt 0:00:07]} 39. Ke3 {[%emt 0:02:51]} a4 {[%emt 0:00:41]} 40. Bd1 {[%emt 0:00:00]} Rb3 {[%emt 0:03:21]} 41. Bxb3 {[%emt 0:18:35]} cxb3 {[%emt 0:00:00]} 42. Kd2 {[%emt 0:01:25]} dxe4 {[%emt 0:00:00]} 43. c4 {[%emt 0:01:16]} Kf6 {[%emt 0:00:22]} 44. Kc3 {[%emt 0:00:10]} Kf5 {[%emt 0:00:11]} 45. d5 {[%emt 0:06:53]} Kxf4 {[%emt 0:01:25]} 46. c5 {[%emt 0:00:04]} Ke5 {[%emt 0:00:04]} 47. c6 {[%emt 0:01:57]} Bf5 {[%emt 0:02:12]} 48. Rxa4 {[%emt 0:00:48]} e3 {[%emt 0:00:04]} 49. Ra8 {[%emt 0:05:11]} Kxd5 {[%emt 0:05:40]} 50. Ra5+ {[%emt 0:00:10]} Ke4 {[%emt 0:00:03]} 51. Rxf5 {[%emt 0:00:18]} e2 {[%emt 0:00:14]} 52. Kd2 {[%emt 0:00:06]} 1-0

[Event "Polonia Wroclaw Masters Cup-IM"]
[Site "Wroclaw"]
[Date "2019.05.05"]
[Round "9.1"]
[White "Mahitosh Dey"]
[Black "Krzywda, Andrzej"]
[Result "0-1"]
[WhiteElo "2187"]
[BlackElo "2195"]
[Annotator "TA"]
[PlyCount "54"]
[EventDate "2019.04.28"]
[EventType "tourn"]
[EventCountry "POL"]
[SourceTitle "playchess.com"]
[Source "ChessBase"]
[SourceQuality "1"]

{[%evp 12,56,39,0,39,35,32,28,26,24,35,24,0,-15,-16,-38,-15,-86,-87,-87,-98,-73,-58,-66,-37,-183,-188,-209,-205,-227,-227,-225,-225,-236,-247,-237,-239,-213,-231,-515,-517,-510,-508,-483,-379,-1177,-1150]} 1. e4 c5 2. Nf3 e6 3. d4 cxd4 4. Nxd4 d6 5. Nc3 a6 6. Be3 Nf6 7. f3 h5 {B80: Sicilian Scheveningen: 6 g3 and 6 Be3, including English Attack} (7... b5 8. a3 h5 9. Be2 Nbd7 10. O-O Bb7 11. Qe1 Be7 12. a4 b4 13. Na2 a5 14. c3 bxc3 15. Nxc3 O-O {½-½ (31) Saric,I (2692)-Wojtaszek,R (2749) Germany 2019}) 8. Bc4 Be7 9. Qd2 Bd7 {White has an edge.} 10. Bb3 Nc6 11. O-O-O b5 $146 ({Predecessor:} 11... Rc8 12. Nxc6 Bxc6 13. Bf4 e5 14. Bg5 b5 15. Bxf6 gxf6 16. Nd5 a5 17. a3 {0-1 (40) Dhame,P (1988)-Papadogiannis,S (1962) Plovdiv 2010}) 12. Nxc6 Bxc6 13. Qf2 Qc7 14. Qg3 (14. Bb6 $11 {keeps the balance.} Qb7 15. Ba5) 14... a5 $17 {[%cal Ba6a5,Ba5a4][%mdl 32] Threatens to win with ...a4.} 15. a4 (15. Qxg7 $2 Rg8 $19) 15... bxa4 16. Bxa4 ({Much weaker is} 16. Nxa4 O-O $11) 16... Bxa4 17. Nxa4 Qc6 18. Nc3 {[#]} ({Better is} 18. b3 $15) 18... a4 $1 $19 {[%cal Ra4a3] aiming for ...a3.} 19. Nb1 Rb8 ({And not} 19... Rc8 20. Rd2 $15) 20. Bd4 ({Wrong is} 20. Nc3 $2 {[#]} a3 $1 $19 {[%mdl 512]}) 20... e5 21. Bc3 O-O 22. Rd3 Rfc8 23. Rhd1 Qb7 24. Kd2 {[#]} h4 $1 {[%mdl 512]} 25. Qf2 $2 (25. Qxh4 a3 26. Nxa3) 25... d5 26. exd5 e4 27. Rd4 Nxd5 {Played: Be7-c5} 0-1

[Event "Polonia Wroclaw Masters Cup-IM"]
[Site "Wroclaw"]
[Date "2019.05.05"]
[Round "9.2"]
[White "Fiedorek, Michal"]
[Black "Baum, Jonasz"]
[Result "1/2-1/2"]
[WhiteElo "2075"]
[BlackElo "2290"]
[Annotator "TA"]
[PlyCount "94"]
[EventDate "2019.04.28"]
[EventType "tourn"]
[EventCountry "POL"]
[SourceTitle "playchess.com"]
[Source "ChessBase"]
[SourceQuality "1"]

{[%evp 17,94,5,4,0,11,0,0,-12,0,0,35,29,30,36,65,17,24,15,81,46,85,81,85,55,53,47,158,94,96,97,104,102,72,84,145,145,138,122,134,62,91,69,66,60,239,210,223,211,340,345,340,336,354,350,554,618,807,733,619,595,506,221,225,211,356,159,127,0,0,0,0,0,0,0,0,0,0,0,0]} 1. e4 c5 2. Nf3 d6 3. d4 cxd4 4. Nxd4 Nf6 5. Nc3 a6 6. Be2 e5 7. Nb3 Be7 8. Bg5 Be6 9. Bxf6 Bxf6 10. Qd3 {B92: Sicilian Najdorf: 6 Be2} Be7 11. O-O-O (11. Rd1 Nd7 12. Nd5 Bxd5 13. Qxd5 b5 14. Bg4 Nf6 15. Qc6+ Kf8 16. Bh3 g6 17. O-O Kg7 {0-1 (56) Nisipeanu,L (2672)-Giri,A (2782) Dortmund 2018}) 11... Nd7 12. Kb1 Rc8 $146 ({Predecessor:} 12... Qc7 13. g3 b5 14. f4 Nb6 15. fxe5 dxe5 16. Nd5 Bxd5 17. exd5 Rd8 {½-½ (53) Pacher,M (2396)-Buss,R (2430) Chur 2010}) 13. Nd5 Nb6 (13... Bxd5 $5 14. Qxd5 Qb6 $11) 14. Nxe7 Kxe7 15. Qg3 $36 {[%mdl 2048] Black is under pressure.} g6 16. h4 Qc7 17. c3 f6 (17... Qc6 $11) 18. Bg4 Qd7 19. Bxe6 Qxe6 20. f4 a5 21. f5 Qf7 (21... Qc4 $14) 22. Qd3 (22. Nxa5 $142 {Threatens to win with Qd3.} Nc4 23. fxg6 (23. Nxb7 Rb8 $17) 23... hxg6 24. Nxc4 Rxc4 25. Qd3) 22... Nc4 $16 23. fxg6 hxg6 24. Nd2 Rc6 25. g4 a4 (25... b5 $142) 26. a3 Rhc8 27. Nxc4 Qxc4 28. Qf3 ({White should try} 28. Qe3 $16) 28... Rb6 $14 {Strongly threatening ...Rxb2+!} 29. Rd3 Qb3 $1 {[%csl Gb6][%cal Rb3b2]} 30. Qf2 Rb5 $2 (30... Qc4 $1 $14 31. Rhd1 Qc5) 31. Rf1 Rf8 {[#]} 32. Ka1 $1 f5 (32... Rc5 {is a better defense.} 33. h5 g5) 33. gxf5 $18 gxf5 34. Rd2 f4 35. h5 Qe6 (35... Qf7 $142 36. Rfd1 Qe6) 36. Rg1 Qh3 37. Rg7+ Rf7 38. Rxf7+ Kxf7 {[%mdl 4096] Endgame KQR-KQR} 39. Qe2 (39. Qg1 $142 Qe6 40. Rg2) 39... Rb6 40. Qc4+ {[%mdl 64] Double Attack} Kf6 {[#]} (40... Kf8 $142 41. Qc7 {[%mdl 64] Double Attack} (41. Qxa4 Qh1+ 42. Ka2 Qxh5 $16) 41... Rc6 42. Qd8+ (42. Qxb7 Qf1+ 43. Ka2 Qc4+ {[%mdl 64] Double Attack} 44. Kb1 Qxe4+ 45. Rc2 Rc4 $11) 42... Kf7) 41. Qc7 (41. Qg8 $1 $18 {[%cal Rg8d8] is the precise move to win.} Qf1+ 42. Ka2) 41... Rc6 $16 42. Qxb7 (42. Qd8+ $16 Kf7 43. Rd1) 42... Qf1+ $11 {The position is equal.} 43. Ka2 Qc4+ {[%mdl 64] Double Attack} 44. Ka1 {Hoping for Qh7.} Qf1+ 45. Ka2 Qc4+ {[%mdl 64] Double Attack} 46. Ka1 {And now Qh7 would win.} Qf1+ 47. Ka2 Qc4+ {[%mdl 64] Double Attack. Accuracy: White = 46%, Black = 39%.} 1/2-1/2

[Event "Polonia Wroclaw Masters Cup-IM"]
[Site "Wroclaw"]
[Date "2019.05.05"]
[Round "9.3"]
[White "Praczukowski, Stanislaw"]
[Black "Stachowiak, Kamil"]
[Result "0-1"]
[WhiteElo "2190"]
[BlackElo "2439"]
[Annotator "TA"]
[PlyCount "32"]
[EventDate "2019.04.28"]
[EventType "tourn"]
[EventCountry "POL"]
[SourceTitle "playchess.com"]
[Source "ChessBase"]
[SourceQuality "1"]

{[%evp 18,32,31,14,35,-6,35,39,18,-99,-101,-108,-99,-137,-106,-132,-100]} 1. d4 Nf6 2. c4 c5 3. Nf3 cxd4 4. Nxd4 Nc6 5. g3 d6 6. Bg2 Bd7 7. Nc2 g6 8. b3 Bg7 9. Bb2 O-O 10. O-O Qa5 {E60: King's Indian: Unusual lines and Fianchetto Variation without Nc3} (10... a6 11. Nc3 Rb8 12. Nd5 Nxd5 13. Bxg7 Ne3 14. Nxe3 Kxg7 15. Qd2 Qa5 16. Rfd1 Qxd2 17. Rxd2 Be6 18. Nd5 Rfc8 19. Nb6 Rc7 {½-½ (46) Meier,G (2650)-Kovalev,V (2639) Riadh 2017}) 11. Qd2 Qh5 {[#] aiming for ...Ng4!} 12. Ne3 Bh3 $146 {White is slightly better.} ({Predecessor:} 12... Ng4 13. Nxg4 Bxb2 14. Nh6+ Kg7 15. Qxb2+ Kxh6 16. Nc3 Qe5 17. Rad1 Kg7 18. c5 {1-0 (40) Stojanovic,M (2425)-Boskovic,D (2343) Belgrade 2001}) 13. Rd1 (13. Bf3 $11 Qa5 14. Qxa5 Nxa5 15. Rd1) 13... Bxg2 $17 14. Kxg2 Ne4 15. Qc2 Nb4 ({But not} 15... Bxb2 16. Qxb2 f5 17. Nc3 $15) 16. Qxe4 {[#] And now Bxg7 would win.} Bxb2 0-1

[Event "Polonia Wroclaw Masters Cup-IM"]
[Site "Wroclaw"]
[Date "2019.05.05"]
[Round "9.4"]
[White "Odnorozhenko, Evgenyi"]
[Black "Frolov, Artur"]
[Result "0-1"]
[WhiteElo "2275"]
[BlackElo "2440"]
[Annotator "TA"]
[PlyCount "64"]
[EventDate "2019.04.28"]
[EventType "tourn"]
[EventCountry "POL"]
[SourceTitle "playchess.com"]
[Source "ChessBase"]
[SourceQuality "1"]

{[%evp 15,88,37,43,38,36,10,18,10,8,5,18,14,28,7,29,-4,-6,0,0,-17,-15,-14,0,-42,-35,-29,-46,-206,-102,-124,-133,-126,-128,-128,-114,-118,-112,-138,-141,-165,-149,-149,-148,-138,-131,-131,-131,-131,-131,-139,-125,-125,-125,-132,-132,-188,-132,-132,-130,-125,-125,-125,-125,-210,-210,-199,-184,-306,-301,-337,-342,-426,-389,-379,-361]} 1. d4 Nf6 2. c4 g6 3. Nf3 Bg7 4. e3 c6 5. Nc3 d5 6. Bd3 O-O 7. O-O Bf5 8. Bxf5 gxf5 9. Qd3 {D94: Grünfeld: 4 Nf3 Bg7 5 e3} e6 10. Bd2 Ne4 $146 ({Predecessor:} 10... Nbd7 11. Rfc1 a6 12. Be1 Ne4 13. Ne2 dxc4 14. Qxc4 c5 {½-½ (14) Kveinys,A (2515)-Sarakauskas,G (2449) Kaunas 2008}) 11. Rfc1 {The position is equal.} dxc4 12. Qxc4 Nd7 13. Be1 Ndf6 14. Ne5 Rc8 15. Qe2 c5 16. dxc5 Nxc5 17. Rd1 Qc7 18. Nd3 Ng4 19. g3 Nxd3 20. Qxd3 Ne5 $36 {[%mdl 2048] Black is pushing.} 21. Qd6 $2 {[#]} ({Better is} 21. Qe2 $15) 21... Nf3+ (21... Qc4 $1 $19 {and Black stays clearly on top.} 22. Rac1 Qg4) 22. Kh1 Nxe1 23. Qxc7 Rxc7 24. Rxe1 Bxc3 25. bxc3 Rxc3 $17 {[%mdl 4096] Endgame KRR-KRR} 26. Re2 Rfc8 27. Rd1 Rc1 28. Rxc1 Rxc1+ {KR-KR} 29. Kg2 Kf8 30. Rb2 b6 31. Rb4 Rc2 32. a4 Ke7 {Played: Rc2-a2} 0-1